Gallium arsenide digital integrated circuit design /

Gespeichert in:
Bibliographische Detailangaben
Hauptverfasser: Long, Stephen I (Verfasst von), Butner, Steven E (Verfasst von)
Format: Buch
Sprache:Englisch
Veröffentlicht: New York : McGraw-Hill, 1990
Ausgabe:1.vyd.
Schlagworte:
Tags: Tag hinzufügen
Keine Tags, Fügen Sie das erste Tag hinzu!

MARC

LEADER 00000nam a22000003a 4500
001 stu4986
005 20150617225811.2
008 931215s1990----xxu-----------------eng-d
020 |a 0-07-038687-0 
040 |a STU  |b slo 
041 0 |a eng 
044 |a xxu 
080 |a 621.382.049.77 
100 1 |a Long, Stephen I  |4 aut 
245 1 |a Gallium arsenide digital integrated circuit design /  |c [aut.] Long,Stephen I.; Butner,Steven E 
250 |a 1.vyd. 
260 |a New York :  |b McGraw-Hill,  |c 1990 
300 |a 486 s 
650 7 |a číslicové integrované obvody  |2 stusub 
650 7 |a MESFET  |2 stusub 
650 7 |a HFET  |2 stusub 
650 7 |a FET  |2 stusub 
650 7 |a GaAs  |2 stusub 
700 1 |a Butner, Steven E  |4 aut 
996 |b E78517  |c E*78517  |l EE11  |s P  |a 0  |w stu4986_0001